MDQL
is popping MORE tags! Check the
thread
!
Quizzes
Events
Quiz Creation
Community
Videos
Private Events
Remove Ads
Sign In
Join for FREE
Feedback
Dark Mode
Quiz Categories
Sports
Geography
Music
Movies
Television
Just For Fun
Miscellaneous
History
Literature
Language
Science
Gaming
Entertainment
Religion
Holiday
For Kids
Quiz Lab
Recent
Popular Today
Quiz Kudos Today
Editor Picks
Curator Picks
Quizzes by...
Day
Popularity
Type
Ratings
Length
Year
Community
Subscriptions
Recent Discussions
Orange Saloon
Badges
Playlists
Quests
Create
Leaderboards
Showdown
Live 5
Trivia Bingo
Activity
Puzzle Library
Sporcle Events
Private Events
Virtual Trivia
Globe League
Become a Host
Pub Owners
SporcleCon
Opinionation
Our Games
Videos
Blog
Mobile Apps
Partnerships
Remove Ads and Go Orange
Feedback
Movies
Disney
Marvel Cinematic Universe
Movie Resume
Movie Titles
Oscar
Actor
Actress
Director
Pixar
Role
Movie Quotes
Movie Characters
Box Office
Nominee
Best Picture
Star Wars
James Bond
Horror Movies
Movies
Disney
Marvel Cinematic Universe
Movie Resume
Movie Titles
Oscar
Actor
Actress
Director
Pixar
Role
Movie Quotes
Movie Characters
Box Office
Nominee
Best Picture
Star Wars
James Bond
Horror Movies
Random Quiz
Search Sporcle
×
Quiz Lab
Quiz Lab
Movies
Movie Resume
Type answers based on single images at one time
Type answers based on single images at one time
Slideshow
Best Score? Go Orange.
Last 10 Years: Chris Pratt Stats
Can you name the movies starring Chris Pratt from the last 10 Years ?
By
fajardani2
13m
19 Questions
152 Plays
152 Plays
152 Plays
Comments
Comments
Give Quiz Kudos
Give Quiz Kudos
-
- Ratings
hide this ad
Replay
Link that replays current quiz
Next Quiz
Link to next quiz in quiz playlist
You Got
0%
They Got
Avg Score
52%
Avg Friend Score
Upgrade to see
Score Distribution
Jump to the score distribution portion of the page
Score
0/19
Timer
13:00
0
Plays Today
% Correct
Jurassic World
94.1%
Guardians of the Galaxy
94.1%
The LEGO Movie
92.1%
The Magnificent Seven
84.9%
Guardians of the Galaxy Vol. 2
80.3%
Her
80.3%
Passengers
78.3%
Moneyball
63.2%
Zero Dark Thirty
61.8%
Delivery Man
43.4%
% Correct
Wanted
42.8%
The Five-Year Engagement
42.1%
Bride Wars
38.8%
Movie 43
35.5%
Take Me Home Tonight
30.3%
What's Your Number?
29.6%
Jennifer's Body
27%
10 Years
19.7%
Deep in the Valley
15.1%
Quiz Playlist
Details
Report
Send in Message
Add To Playlist
Slideshow:
Type answers based on single images at one time
Last Updated: Jul 16, 2017
Quiz Scoreboard
CHALLENGE
Sign Up to Join the Scoreboard
Show All
Scores
Hide
Comments
May contain spoilers
Recently Published
Image Sorting: Flags VI
by Barbecue
Geography
2m
Find the 'City' Movie
by crazypaving
Movies
60s
Colored Red Africa Blitz
by spor1
Geography
45s
More to Explore
Quiz From the Vault
Featured Blog Post
14 Easter Pick-up Lines to Find Eggs With
hide this ad
You Might Also Like...
Tags
Actor Quiz
Movie Resume Quiz
chi
last
pratt
Starring
Today's Top Quizzes in Movies
Browse Movies
hide this ad
Today's Top Quizzes in Movie Resume
Browse Movie Resume
Top Contributed Quizzes in Movies
1
Find The 'Big' Movie
2
Find The 'Blue' Movie
3
Find The 'Wild' Movie
4
Movies By Plot
5
The ultimate James Bond movie quiz
6
Hidden Star Wars Character II
7
Pick 5 Posters: Directed by Spielberg
8
Hidden Star Wars Character III
9
Hidden Star Wars Character IV
10
25 Best Actor Nominees (1990s)
Explore More
Trending Topics
Harry Potter
Marvel
Kpop
Disney
NBA
Anime
Crossword
Country
Puzzle
WWE
The Office
NFL
Pokémon
Soccer
Song
hide this ad
More By:
fajardani2
Quiz
Plays
Rating
Category
Featured
Created
Premier League by the Numbers: #10
5,083
4.50
Sports
Sep 3, 2016
One Piece Captains
1,347
4.00
Entertainment
Dec 25, 2015
50 Top Grossing Films of 2016
878
2.83
Movies
Jun 12, 2017
Click the Character: Naruto vol. 1
852
5.00
Entertainment
Dec 6, 2020
100 Animated Movies (Slideshow)
849
2.86
Movies
Jul 14, 2016
Go to Creator's Profile
Score Distribution
Quiz Creator Spotlight
fajardani2
Follow
Send a Message
Quizzes Created
-
Created Quiz Play Count
-
More By This Creator
Popular Quizzes Today
1
Colored Red Africa Blitz
2
Find the US States - No Outlines Minefield
3
Find the 'City' Movie
4
5x2 Blitz: Bands
5
The Countries of the World
6
Find the US States
7
Find the Countries of Europe - No Outlines Minefield
8
US States
More Movies Quizzes
30 best actors of all time - ranked
Quiz Lab
Trending Quizzes
Colored Red Europe Blitz I
Colored Red Europe Blitz II
Colored Red Africa Blitz II
Colored Red Europe Blitz III
Colored Red Africa Blitz III
Recently Updated
How Do You Spell That?
pecheneg
Godzilla Movies
pecheneg
Grab Bag: 4-10 Letters
pecheneg
2024 March Madness Bracket
pecheneg
Famous TV Couples
Peacemaker
Champions League XIs: Real Madrid
pecheneg
Largest US Cities 1790-2010
pecheneg
Rides in Walt Disney World
pecheneg
Most Oscar Losses (Acting)
pecheneg
Beyoncé Albums
pecheneg
Trending Topics
Crossword
Anime
NBA
Kpop
Marvel
Harry Potter
Disney
Song
Pokémon
The Office
WWE
Country
Puzzle
NFL
Soccer
Your Account Isn't Verified!
In order to create a playlist on Sporcle, you need to verify the email address you used during registration. Go to your
Sporcle Settings
to finish the process.
Report this User
Report this user for behavior that violates our
Community Guidelines
.
Details:
Send Report
Go to the Sporcle.com Mobile Site →
Comments